000 00349nam a2200133Ia 4500
008 151001s9999||||xx |||||||||||||| ||und||
100 _aदुर्गा - भागवत
245 _aआस्वाद आणि आक्षेप
250 _a2
260 _bडिंपल
260 _c1999
300 _a193
365 _b21
999 _c976728
_d976725